[Event "Druzynowe Mistrzostwa Polski w Szachach I LIGA 2021"]
[Site "Szklarska Poreba"]
[Date "1899-12-30"]
[Round "3.42"]
[White "Kroliczek, Gabriela"]
[Black "Dylag, Emilia"]
[Result "1-0"]
[WhiteTitle "k"]
[BlackTitle "WFM"]
[WhiteElo "1889"]
[BlackElo "2065"]

1. e4 e5 2. Nf3 Nc6 3. Bc4 Bc5 4. O-O Nf6 5. d3 d6 6. Nc3 a6 7. Bg5 h6 8. Bxf6
Qxf6 9. Nd5 Qd8 10. c3 O-O 11. h3 Ba7 12. a4 Ne7 13. Ne3 c6 14. Bb3 Ng6 15. d4
Qf6 16. Bc2 Nf4 17. Kh2 Re8 18. a5 Be6 19. Ra4 Rad8 20. d5 Bc8 21. Ng1 Ng6 22.
g3 Bc5 23. Qf3 Qxf3 24. Nxf3 Bxe3 25. fxe3 Ne7 26. Bb3 c5 27. Raa1 Rf8 28. g4
g6 29. Rf2 Kg7 30. Rg1 Bd7 31. Nd2 Nc8 32. h4 f6 33. Rfg2 Kh7 34. Bc4 Ne7 35.
Be2 Rb8 36. Nc4 Nc8 37. b4 Bb5 38. Nb2 Bxe2 39. Rxe2 cxb4 40. cxb4 b6 41. Rc1
bxa5 42. bxa5 Rf7 43. Rc6 f5 44. gxf5 gxf5 45. exf5 Rxf5 46. Rec2 Rf8 47. Rxa6
Kg6 48. Nc4 Rb4 49. Nxe5+ Kh5 50. Nc4 Ne7 51. Rxd6 Nf5 52. Rb6 Ra4 53. d6 Nxh4
54. Rb5+ Kg6 55. Ne5+ Kh7 56. d7 h5 57. Rd5 Re4 58. d8=Q Rxd8 59. Rc7+ 1-0

[Event "Druzynowe Mistrzostwa Polski w Szachach I LIGA 2021"]
[Site "Szklarska Poreba"]
[Date "1899-12-30"]
[Round "3.43"]
[White "Paszewski, Mateusz"]
[Black "Goluch, Piotr"]
[Result "1/2-1/2"]
[WhiteTitle "FM"]
[BlackTitle "IM"]
[WhiteElo "2282"]
[BlackElo "2318"]

1. c4 e5 2. g3 Nf6 3. Bg2 d5 4. cxd5 Nxd5 5. Nc3 Nb6 6. Nf3 Nc6 7. O-O Be7 8. a3
O-O 9. b4 Be6 10. b5 Nd4 11. Rb1 f6 12. e3 Nxf3+ 13. Bxf3 Rb8 14. d4 exd4 15.
exd4 Qd7 16. Re1 Bf7 17. a4 c6 18. a5 Nd5 19. Nxd5 Bxd5 20. Bxd5+ cxd5 21. Qb3
Rbc8 22. b6 a6 23. Bf4 1/2-1/2

[Event "Druzynowe Mistrzostwa Polski w Szachach I LIGA 2021"]
[Site "Szklarska Poreba"]
[Date "1899-12-30"]
[Round "3.44"]
[White "Dzida, Kamil"]
[Black "Koziorowicz, Michal"]
[Result "0-1"]
[WhiteTitle "k+"]
[BlackTitle "k+"]
[WhiteElo "2224"]
[BlackElo "2274"]

1. d4 Nf6 2. Nf3 g6 3. c4 Bg7 4. Nc3 O-O 5. e4 d6 6. h3 e5 7. d5 Nbd7 8. Bg5 h6
9. Be3 Nc5 10. Nd2 a5 11. g4 Ne8 12. Rg1 b6 13. Qc2 Kh8 14. O-O-O Bd7 15. Be2
a4 16. Rdf1 a3 17. b4 Na4 18. Nxa4 Rxa4 19. Qb3 Ra8 20. Bd3 Qe7 21. b5 f5 22.
gxf5 gxf5 23. exf5 e4 24. Bxe4 Bxf5 25. Qd3 Bxe4 26. Nxe4 Qe5 27. Rxg7 Qa1+ 28.
Kd2 Qxa2+ 29. Kd1 Qa1+ 30. Ke2 Qb2+ 31. Nd2 Qxg7 32. Bd4 Nf6 33. Ne4 Rfe8 34.
Kf3 Rxe4 35. Qxe4 Nxe4 36. Bxg7+ Kxg7 37. Kxe4 a2 38. Ra1 Kf6 39. Kf4 h5 40. Kg3
Kf5 41. Kh4 Ra3 42. f3 Ra8 43. Kg3 Kg5 44. Kg2 h4 45. Kf1 Ra3 46. Kf2 Kf5 47.
Ke1 Kf4 48. Ke2 0-1

[Event "Druzynowe Mistrzostwa Polski w Szachach I LIGA 2021"]
[Site "Szklarska Poreba"]
[Date "1899-12-30"]
[Round "3.45"]
[White "Tomaszewski, Roman"]
[Black "Jankowiak, Tomasz"]
[Result "1/2-1/2"]
[WhiteTitle "IM"]
[BlackTitle "k"]
[WhiteElo "2193"]
[BlackElo "2169"]

1. c4 e6 2. Nf3 d5 3. e3 c5 4. cxd5 exd5 5. d4 Nc6 6. Bb5 Nf6 7. Ne5 Bd7 8. Bxc6
Bxc6 9. Nxc6 bxc6 10. O-O Bd6 11. dxc5 Bxc5 12. Nc3 O-O 13. b3 Re8 14. Bb2 Bd6
15. Rc1 Rc8 16. Qf3 Qe7 17. Rfd1 Qe5 18. g3 Qg5 19. Ne2 Ne4 20. Ba1 Qg6 21. h4
Bb8 22. Kg2 Rcd8 23. b4 Rc8 24. a3 a6 25. Bd4 Qe6 26. Nf4 Bxf4 27. exf4 Nd6 28.
Re1 Qd7 29. Rxe8+ Rxe8 30. Qc3 Nb5 31. Qb2 f6 32. a4 Nd6 33. Qc3 Nc4 34. Qd3 Qe7
35. Bc5 Qe6 36. Rc2 Qg4 37. b5 axb5 38. axb5 cxb5 39. Qxd5+ Qe6 40. Qxe6+ Rxe6
41. Ra2 Re8 42. Ra7 Rb8 43. Bb4 Nb2 44. Rd7 Nc4 45. Ra7 Nb2 46. Rd7 Nc4 1/2-1/2

[Event "Druzynowe Mistrzostwa Polski w Szachach I LIGA 2021"]
[Site "Szklarska Poreba"]
[Date "1899-12-30"]
[Round "3.46"]
[White "Jankowiak, Piotr"]
[Black "Kaliszuk, Kamil"]
[Result "0-1"]
[WhiteTitle "k"]
[BlackTitle "I+"]
[WhiteElo "2080"]
[BlackElo "1717"]

1. e4 c5 2. Nf3 Nf6 3. e5 Nd5 4. Nc3 Nxc3 5. dxc3 Nc6 6. Bf4 Qb6 7. Rb1 e6 8. Bd3
h6 9. h4 Qc7 10. Qe2 b6 11. Nd2 d5 12. exd6 Bxd6 13. Bxd6 Qxd6 14. Nc4 Qc7 15.
Be4 Bb7 16. Rd1 Rd8 17. Rxd8+ Nxd8 18. O-O O-O 19. Rd1 Bxe4 20. Qxe4 Nb7 21. a4
Rd8 22. Rd3 Rxd3 23. cxd3 Qd7 24. b3 Nd6 25. Qa8+ Kh7 26. Ne5 Qc7 27. Qf3 Nf5
28. Qe4 g6 29. Nf3 Kg8 30. g4 Ne7 31. d4 cxd4 32. Qxd4 Nd5 33. c4 Ne7 34. Qf6
Nc6 35. h5 Qe7 36. Qc3 gxh5 37. gxh5 Qc5 38. Qd3 Qxh5 39. Kf1 Qh3+ 40. Kg1 Qg4+
41. Kh2 Qf4+ 42. Kg2 h5 43. Nd2 Ne5 44. Qc3 h4 45. b4 Qg5+ 46. Kh3 Ng6 47. Kh2
h3 0-1

[Event "Druzynowe Mistrzostwa Polski w Szachach I LIGA 2021"]
[Site "Szklarska Poreba"]
[Date "1899-12-30"]
[Round "3.47"]
[White "Bednarski, Dawid"]
[Black "Statucki, Maciej"]
[Result "1/2-1/2"]
[WhiteTitle "I+"]
[BlackTitle "I"]
[WhiteElo "2016"]
[BlackElo "1833"]

1. e4 c5 2. Nf3 Nc6 3. d4 cxd4 4. Nxd4 g6 5. c4 Bg7 6. Be3 Nf6 7. Nc3 O-O 8. Be2
d6 9. Qd2 Nxd4 10. Bxd4 Be6 11. O-O Qa5 12. Rfd1 Rfc8 13. b3 a6 14. Bxf6 Bxf6
15. Nd5 Qxd2 16. Nxf6+ Kg7 17. Nh5+ gxh5 18. Rxd2 b5 19. Rc1 bxc4 20. Bxc4 Rc5
21. Rdc2 Rac8 22. Bd3 a5 1/2-1/2

[Event "Druzynowe Mistrzostwa Polski w Szachach I LIGA 2021"]
[Site "Szklarska Poreba"]
[Date "1899-12-30"]
[Round "3.48"]
[White "Czarniecka, Aleksandra"]
[Black "Lach, Aleksandra"]
[Result "0-1"]
[WhiteTitle "m"]
[BlackTitle "WIM"]
[WhiteElo "2021"]
[BlackElo "2157"]

1. e4 c5 2. Nf3 e6 3. d4 cxd4 4. Nxd4 Nc6 5. Nc3 a6 6. Be3 Qc7 7. a3 Nf6 8. f4
d6 9. Qf3 Bd7 10. Nb3 b5 11. O-O-O Rc8 12. Bd3 b4 13. axb4 Nxb4 14. g4 d5 15.
e5 Nxd3+ 16. Rxd3 Ne4 17. Nd4 Nc5 18. Rd2 Qa5 19. f5 Ne4 20. fxe6 Bxe6 21. Kd1
Nxd2 22. Bxd2 Bb4 23. Nxe6 fxe6 24. g5 Rf8 25. Qh5+ g6 26. Qxh7 Bxc3 27. Qxg6+
Kd7 28. Qg7+ Kc6 29. bxc3 Qa1+ 30. Bc1 Qxc3 31. Qa7 Qf3+ 32. Kd2 Qg2+ 33. Kd3
Qe4+ 34. Kd2 Kb5 35. Qb7+ Ka5 36. c3 Rf2+ 0-1

[Event "Druzynowe Mistrzostwa Polski w Szachach I LIGA 2021"]
[Site "Szklarska Poreba"]
[Date "1899-12-30"]
[Round "3.49"]
[White "Klimkowski, Jan"]
[Black "Stachowiak, Kamil"]
[Result "1/2-1/2"]
[WhiteTitle "FM"]
[BlackTitle "IM"]
[WhiteElo "2342"]
[BlackElo "2470"]

1. e4 c5 2. Nf3 e6 3. d4 cxd4 4. Nxd4 Nc6 5. Nc3 Qc7 6. Be2 a6 7. Be3 Nf6 8. O-O
Bb4 9. Nxc6 bxc6 10. Qd4 c5 11. Qc4 O-O 12. Na4 a5 13. Qd3 d5 14. c4 Bd7 15. a3
d4 16. axb4 Bxa4 17. Bxd4 axb4 18. Bxf6 gxf6 19. f4 Kh8 20. Qe3 Rg8 21. e5 Bc6
22. Rxa8 Bxa8 23. Bf3 Bxf3 24. Rxf3 f5 25. Qe2 Rd8 1/2-1/2

[Event "Druzynowe Mistrzostwa Polski w Szachach I LIGA 2021"]
[Site "Szklarska Poreba"]
[Date "1899-12-30"]
[Round "3.50"]
[White "Dobrowolski, Piotr"]
[Black "Szadkowski, Kamil"]
[Result "1/2-1/2"]
[WhiteTitle "IM"]
[BlackTitle "FM"]
[WhiteElo "2413"]
[BlackElo "2338"]

1. e4 c5 2. Nf3 Nc6 3. d4 cxd4 4. Nxd4 e5 5. Nb5 d6 6. N1c3 a6 7. Na3 b5 8. Nd5
Nge7 9. c4 Nd4 10. cxb5 Nxd5 11. exd5 Be7 12. Bd3 O-O 13. O-O Bb7 14. bxa6 Bxa6
15. Be3 Qa5 16. Bxd4 exd4 17. Nc2 Bf6 18. a3 Bxd3 19. Qxd3 Qxd5 20. Nb4 Qb7 21.
Rac1 Ra5 22. Rfe1 Rc5 23. Rc2 h5 24. Rce2 g6 25. Qe4 Qb5 26. Qd3 Qb7 27. Qe4 Qb5
28. Qd3 Qb7 29. Qe4 1/2-1/2

[Event "Druzynowe Mistrzostwa Polski w Szachach I LIGA 2021"]
[Site "Szklarska Poreba"]
[Date "1899-12-30"]
[Round "3.51"]
[White "Snihur, Piotr"]
[Black "Ochedzan, Tymon"]
[Result "0-1"]
[WhiteTitle "k+"]
[BlackTitle "FM"]
[WhiteElo "2272"]
[BlackElo "2300"]

1. d4 Nf6 2. c4 g6 3. Nc3 Bg7 4. e4 O-O 5. Nf3 d6 6. Be2 Na6 7. O-O e5 8. Be3 Ng4
9. Bg5 Qe8 10. h3 h6 11. Bh4 exd4 12. Nxd4 Ne5 13. f4 Nc6 14. Ndb5 f5 15. Bf3
Qf7 16. Qd2 fxe4 17. Bxe4 Nc5 18. Bd5 Be6 19. Rae1 Rae8 20. g4 a6 21. f5 Bxd5
22. fxg6 Qxf1+ 23. Rxf1 Rxf1+ 24. Kxf1 Bxc4+ 25. Kg2 axb5 26. Bf2 b4 27. Qf4 Ne5
28. Nd1 Bd5+ 29. Kg1 Ncd3 30. Qg3 Nf3+ 31. Kf1 Be5 0-1

[Event "Druzynowe Mistrzostwa Polski w Szachach I LIGA 2021"]
[Site "Szklarska Poreba"]
[Date "1899-12-30"]
[Round "3.52"]
[White "Luberanski, Jakub"]
[Black "Leskiewicz, Ignacy"]
[Result "1/2-1/2"]
[WhiteTitle "FM"]
[BlackTitle "k"]
[WhiteElo "2188"]
[BlackElo "2169"]

1. d4 Nf6 2. c4 e6 3. Nc3 Bb4 4. Qc2 c5 5. dxc5 Na6 6. a3 Bxc3+ 7. Qxc3 Nxc5 8.
b4 Nce4 9. Qd4 d5 10. cxd5 exd5 11. Bb2 Be6 12. e3 Nd6 13. Nf3 Qe7 14. Bd3 Nc4
15. Bc3 O-O 16. Qh4 h6 17. Bd4 Rfe8 18. Bxf6 Qxf6 19. Qxf6 gxf6 20. Nd4 Nd6 21.
Kd2 f5 22. Rhc1 Rac8 23. a4 a6 24. Rc5 Kg7 25. Rac1 Kf6 26. a5 Red8 27. Rxc8 Bxc8
28. Rc5 Be6 29. Kc3 Rb8 30. Rc7 Ne8 31. Rc5 Nd6 32. Ne2 Ke5 33. f4+ Kf6 34. Kd4
Ne4 35. Bxe4 dxe4 36. Kc3 h5 37. Rc7 h4 38. Nd4 Rg8 39. Rxb7 Rxg2 40. h3 Rg3 41.
Nc2 Rxh3 42. b5 Rg3 43. Rb8 h3 44. b6 Kg7 45. b7 h2 46. Ra8 Bd5 47. b8=Q Bxa8
48. Qe5+ Kg8 49. Qe8+ Kg7 1/2-1/2

[Event "Druzynowe Mistrzostwa Polski w Szachach I LIGA 2021"]
[Site "Szklarska Poreba"]
[Date "1899-12-30"]
[Round "3.53"]
[White "Kwiatkowski, Wiktor"]
[Black "Kolasinski, Krzysztof"]
[Result "1/2-1/2"]
[WhiteTitle "I++"]
[BlackTitle "k"]
[WhiteElo "2077"]
[BlackElo "2112"]

1. e4 e6 2. d4 d5 3. Nd2 Be7 4. Bd3 c5 5. c3 Nc6 6. Ne2 Nf6 7. e5 Nd7 8. f4 Qb6
9. Nf3 f5 10. exf6 Bxf6 11. Bc2 cxd4 12. Nexd4 Nxd4 13. cxd4 Nb8 14. Ne5 g6 15.
O-O Nc6 16. Be3 O-O 17. b3 Bg7 18. Qd2 a5 19. a3 Qd8 20. Rf3 Bd7 21. Raf1 Rc8
22. Bd3 Qe7 23. Qb2 Qe8 24. Rg3 Nxe5 25. dxe5 Bb5 26. Qe2 Bxd3 27. Qxd3 a4 28.
b4 Rc4 29. h4 Rf5 30. Rgf3 h5 31. Bc5 Qc6 32. R3f2 b6 33. Bd4 Bf8 34. Qe3 b5 35.
Rd2 Rf7 36. Qd3 Kg7 37. Kh2 Be7 38. Kh3 Qc8 39. g3 Bf8 40. Rg2 Rfc7 41. Kh2 Rc2
42. Qxb5 R2c4 43. Rd1 Qa8 44. Qb6 R4c6 45. Qb5 Rc4 46. Qb6 R4c6 1/2-1/2

[Event "Druzynowe Mistrzostwa Polski w Szachach I LIGA 2021"]
[Site "Szklarska Poreba"]
[Date "1899-12-30"]
[Round "3.54"]
[White "Dmochowska, Agnieszka"]
[Black "Pastuszko, Kinga"]
[Result "1/2-1/2"]
[WhiteTitle "WFM"]
[BlackTitle "k+"]
[WhiteElo "2091"]
[BlackElo "1984"]

1. e4 e5 2. Nf3 Nc6 3. Bb5 a6 4. Ba4 Nf6 5. O-O b5 6. Bb3 Bc5 7. a4 Rb8 8. axb5
axb5 9. Nxe5 Nxe5 10. d4 Bxd4 11. Qxd4 d6 12. f4 c5 13. Qc3 Ng6 14. Nd2 c4 15.
Ba2 Qb6+ 16. Kh1 O-O 17. Qg3 Bb7 18. b3 Nxe4 19. Nxe4 Bxe4 20. Be3 Qc7 21. f5
Ne5 22. f6 Ng6 23. h4 h5 24. Qg5 Qc6 25. fxg7 Rfe8 26. Bd4 Qd5 27. Qxd5 Bxd5 28.
Rf5 Bxg2+ 29. Kg1 Nxh4 30. Rxh5 Nf3+ 31. Kxg2 Nxd4 32. bxc4 bxc4 33. Bxc4 Nxc2
34. Rg1 Kxg7 35. Kh2+ Kf8 36. Rf1 d5 37. Bxd5 Re2+ 38. Kh1 Ke7 39. Rxf7+ Kd6 40.
Rf6+ Ke7 41. Rf7+ Kd6 42. Rf6+ 1/2-1/2

[Event "Druzynowe Mistrzostwa Polski w Szachach I LIGA 2021"]
[Site "Szklarska Poreba"]
[Date "1899-12-30"]
[Round "3.56"]
[White "Toczek, Grzegorz"]
[Black "Kucza, Karol"]
[Result "1-0"]
[WhiteTitle "FM"]
[BlackTitle "FM"]
[WhiteElo "2271"]
[BlackElo "2322"]

1. e4 e5 2. Nf3 Nc6 3. Bb5 a6 4. Ba4 d6 5. Bxc6+ bxc6 6. d4 f6 7. Nc3 g6 8. Be3
Bg7 9. Qe2 exd4 10. Nxd4 Ne7 11. O-O-O Qd7 12. f4 c5 13. Nb3 Qg4 14. Qf2 O-O 15.
h3 Qe6 16. Rhe1 a5 17. a4 Qf7 18. g4 Be6 19. Nd2 f5 20. gxf5 gxf5 21. e5 Nd5 22.
Nxd5 Bxd5 23. Nb1 Rab8 24. Nc3 Be4 25. Rg1 Kh8 26. Rxg7 Qxg7 27. exd6 cxd6 28.
Rxd6 Qb7 29. b3 Rg8 30. Bxc5 Rg2 31. Qd4+ Kg8 32. Rd7 Rxc2+ 33. Kd1 Qxd7 34. Qxd7
Rxc3 35. Qe6+ 1-0

[Event "Druzynowe Mistrzostwa Polski w Szachach I LIGA 2021"]
[Site "Szklarska Poreba"]
[Date "1899-12-30"]
[Round "3.57"]
[White "Dudzinski, Piotr"]
[Black "Kyc, Jerzy"]
[Result "1/2-1/2"]
[WhiteTitle "FM"]
[BlackTitle "m"]
[WhiteElo "2321"]
[BlackElo "2252"]

1. e4 c5 2. c3 d6 3. d4 Nf6 4. dxc5 Nc6 5. f3 d5 6. exd5 Nxd5 7. Bc4 e6 8. Bxd5
exd5 9. Be3 Be7 10. Ne2 O-O 11. O-O b6 12. cxb6 axb6 13. Nd4 Ne5 14. Bf4 Ng6 15.
Bg3 Ba6 16. Re1 h5 17. Nd2 h4 18. Bf2 Bd6 19. Nf5 Bf4 20. Nb3 Qg5 21. Nbd4 Bc7
22. Kh1 Nf4 23. g4 hxg3 24. Bxg3 Nd3 25. Re2 Bxg3 26. Nxg3 g6 27. Qd2 Nf4 28.
Rg1 Qf6 29. Ree1 Nh3 30. Rg2 Rfe8 31. Rd1 Re5 32. f4 Qxf4 33. Qxf4 Nxf4 34. Rgd2
1/2-1/2

[Event "Druzynowe Mistrzostwa Polski w Szachach I LIGA 2021"]
[Site "Szklarska Poreba"]
[Date "1899-12-30"]
[Round "3.58"]
[White "Sernecki, Franciszek"]
[Black "Jasnikowski, Zbigniew"]
[Result "1/2-1/2"]
[WhiteTitle "FM"]
[BlackTitle "IM"]
[WhiteElo "2211"]
[BlackElo "2326"]

1. d4 Nf6 2. c4 g6 3. Nc3 d5 4. Nf3 Bg7 5. Bf4 O-O 6. Rc1 dxc4 7. e3 c5 8. Bxc4
cxd4 9. Nxd4 Bd7 10. O-O Nc6 11. Nb3 Rc8 12. Be2 Na5 13. Nxa5 Qxa5 14. Qb3 Bc6
15. h3 Nd5 16. Bg3 Nxc3 17. bxc3 Qd5 18. Qxd5 Bxd5 19. c4 Bc6 20. Rfd1 1/2-1/2

[Event "Druzynowe Mistrzostwa Polski w Szachach I LIGA 2021"]
[Site "Szklarska Poreba"]
[Date "1899-12-30"]
[Round "3.59"]
[White "Dudzinski, Pawel"]
[Black "Gesicki, Jacek"]
[Result "1/2-1/2"]
[WhiteTitle "FM"]
[BlackTitle "FM"]
[WhiteElo "2203"]
[BlackElo "2166"]

1. e4 c5 2. Nc3 Nc6 3. Nge2 g6 4. d4 cxd4 5. Nxd4 Bg7 6. Be3 d6 7. Qd2 Nf6 8. f3
Bd7 9. g4 O-O 10. O-O-O Nxd4 11. Bxd4 Be6 12. Kb1 Qa5 13. Nd5 Qd8 14. Nxf6+ exf6
15. Bc3 Qc7 16. Qf4 Rfc8 17. Be2 f5 18. exf5 Bxa2+ 19. Kxa2 Bxc3 20. Qxd6 Qxd6
21. Rxd6 Bb4 22. Rd7 Rxc2 23. Rxb7 Rxe2 24. Rxb4 a5 25. Re4 Rf2 26. fxg6 1/2-1/2

[Event "Druzynowe Mistrzostwa Polski w Szachach I LIGA 2021"]
[Site "Szklarska Poreba"]
[Date "1899-12-30"]
[Round "3.60"]
[White "Trybowska, Barbara"]
[Black "Czerwinska, Milena"]
[Result "1/2-1/2"]
[WhiteTitle "I++"]
[BlackTitle "WFM"]
[WhiteElo "1806"]
[BlackElo "1983"]

1. d4 d6 2. Bf4 g6 3. Nc3 Bg7 4. e4 c6 5. Qd2 b5 6. Nf3 Nd7 7. Bd3 e5 8. Be3 a6
9. O-O Ngf6 10. dxe5 dxe5 11. Ne2 O-O 12. c3 Qc7 13. Ng3 Ng4 14. Rfd1 Nxe3 15.
Qxe3 Nb6 16. Rac1 1/2-1/2

[Event "Druzynowe Mistrzostwa Polski w Szachach I LIGA 2021"]
[Site "Szklarska Poreba"]
[Date "1899-12-30"]
[Round "3.61"]
[White "Niekras, Dawid"]
[Black "Skawinski, Arkadiusz"]
[Result "1/2-1/2"]
[WhiteTitle "FM"]
[BlackTitle "FM"]
[WhiteElo "2286"]
[BlackElo "2359"]

1. e4 e6 2. d3 d5 3. Nd2 Nf6 4. Ngf3 Nc6 5. g3 Bc5 6. Bg2 dxe4 7. dxe4 e5 8. O-O
O-O 9. Qe2 a5 10. Nc4 Qe7 11. a4 b6 12. c3 Ba6 13. b3 Rad8 14. Nh4 Qe6 15. Nf5
Bxc4 16. bxc4 Ne7 17. g4 Ng6 18. Be3 Nd7 19. Rad1 Bxe3 20. fxe3 Nc5 21. Rxd8 Rxd8
22. g5 Nxa4 23. h4 Nxc3 24. Qf3 Qe8 25. h5 Nh8 26. Bh3 Qf8 27. Kh1 a4 28. Rc1
Na2 29. Ra1 Rd2 30. Qg3 Qc5 31. g6 hxg6 32. hxg6 Nxg6 33. Rg1 Nc3 34. Qf3 Rd8
35. Nh6+ gxh6 36. Rxg6+ fxg6 37. Be6+ Kg7 38. Qf7+ Kh8 39. Qf6+ Kh7 40. Qf7+ Kh8
41. Qf6+ Kh7 42. Qf7+ 1/2-1/2

[Event "Druzynowe Mistrzostwa Polski w Szachach I LIGA 2021"]
[Site "Szklarska Poreba"]
[Date "1899-12-30"]
[Round "3.62"]
[White "Brodowski, Piotr"]
[Black "Zakrzewski, Marek"]
[Result "1/2-1/2"]
[WhiteTitle "IM"]
[BlackTitle "FM"]
[WhiteElo "2439"]
[BlackElo "2273"]

1. c4 c6 2. e4 d5 3. exd5 cxd5 4. d4 Nf6 5. Nc3 g6 6. Qb3 Bg7 7. cxd5 O-O 8. Be2
Nbd7 9. Bf3 Nb6 10. Nge2 Bf5 11. a4 a5 12. O-O Bd3 13. d6 exd6 14. Bxb7 Rb8 15.
Bf3 Nbd5 16. Nb5 Nb4 17. Bd2 Bxb5 18. axb5 Rxb5 19. Qa4 Qb8 20. Nc3 Rf5 21. Be2
h5 22. Nb5 Re8 23. Bxb4 Rxe2 24. Nxd6 axb4 25. Qc6 Bf8 26. Nxf5 Re6 27. Qf3 gxf5
28. Qxf5 Qd8 29. Qg5+ Kh7 30. Ra7 Be7 31. Qf5+ Kg7 32. Qg5+ Kh7 33. Qf4 Re4 34.
Qf5+ Kg7 35. Qg5+ Kh7 36. Qf5+ Kg7 1/2-1/2

[Event "Druzynowe Mistrzostwa Polski w Szachach I LIGA 2021"]
[Site "Szklarska Poreba"]
[Date "1899-12-30"]
[Round "3.63"]
[White "Selbes, Tarik"]
[Black "Luch, Michal"]
[Result "1/2-1/2"]
[WhiteTitle "FM"]
[BlackTitle "IM"]
[WhiteElo "2260"]
[BlackElo "2383"]

1. Nf3 d5 2. e3 g6 3. c4 c6 4. Nc3 Bg7 5. cxd5 cxd5 6. Qa4+ Nc6 7. Bb5 Bd7 8. Nxd5
a6 9. Qa3 e6 10. Bxc6 Bxc6 11. Nb4 Bxf3 12. gxf3 Nh6 13. h4 O-O 14. h5 Qg5 15.
Ke2 Qg2 16. Rh4 Rac8 17. Nd3 g5 18. Re4 g4 19. Rf4 e5 20. Ne1 Qh1 21. Rb4 gxf3+
22. Nxf3 Rxc1 23. Rxc1 Qxc1 24. Qd3 b5 25. Ng5 Rc8 26. Qxh7+ Kf8 27. Qd3 Qc5 28.
Rh4 Qe7 29. Nf3 f5 30. e4 Rd8 31. Qc2 Bf6 32. Rh1 Qb4 33. d3 fxe4 34. dxe4 Qc4+
35. Qxc4 bxc4 36. Nd2 Bg5 37. Nxc4 Rd4 38. b3 Rxe4+ 39. Kd3 Rd4+ 40. Kc3 Bf6 41.
Rg1 Rf4 42. Rg6 Ng4 43. Ne3 Nxe3 44. fxe3 Rf3 45. Kd3 Kf7 46. Rg4 Rh3 47. Ra4
Bg5 48. Rxa6 Rxe3+ 49. Kc4 Bf6 50. a4 e4 51. Kd5 Re1 52. Ra7+ Be7 53. h6 e3 54.
Kd4 e2 55. Kd3 Rb1 56. Kxe2 Rxb3 57. Kf1 Rb6 58. h7 Rh6 59. Ke2 Rxh7 60. Ra6 Rh3
61. Kd2 Bb4+ 62. Kc2 Ke7 63. Rb6 Bc5 64. Rc6 Bd6 65. Kb2 Kd7 66. Rc4 Ke6 67. Rg4
Ba3+ 68. Ka2 Bc5 69. Rg5 Kd6 70. Kb2 Kc6 71. Rf5 Re3 72. Rh5 Bd4+ 73. Kc2 Rc3+
74. Kd2 Ra3 75. Kc2 Bc5 76. Kb2 Rxa4 77. Kb3 Rd4 78. Kc3 Kb5 79. Rh1 Rg4 80. Rb1+
Bb4+ 81. Kd3 Kc5 82. Rh1 Kc6 83. Rh6+ Bd6 84. Rh5 Kd7 85. Rh6 Be5 86. Ra6 Bd6
87. Ra5 Ke6 88. Rb5 Be5 89. Rb6+ Kf5 90. Rb1 Rd4+ 91. Ke3 Ra4 92. Rf1+ Bf4+ 93.
Kd3 Ke5 94. Rh1 Kd5 95. Rb1 Ra3+ 96. Ke2 Be5 97. Rb4 Bd4 98. Rb8 Ke4 99. Re8+
Be5 100. Re7 Ra2+ 101. Kf1 Kf4 102. Re8 Rh2 103. Kg1 Rd2 104. Kf1 Rc2 105. Re7
Bd4 106. Rh7 Be3 107. Rh3 Bf2 108. Rf3+ Kxf3 1/2-1/2

[Event "Druzynowe Mistrzostwa Polski w Szachach I LIGA 2021"]
[Site "Szklarska Poreba"]
[Date "1899-12-30"]
[Round "3.64"]
[White "Butkiewicz, Lukasz"]
[Black "Hemmerling, Jaroslaw"]
[Result "1-0"]
[WhiteTitle "IM"]
[BlackTitle "I++"]
[WhiteElo "2378"]
[BlackElo "1935"]

1. d4 d5 2. c4 e6 3. Nc3 h6 4. Nf3 Nf6 5. Bf4 c6 6. e3 Be7 7. h3 Nbd7 8. Qc2 dxc4
9. Bxc4 Nb6 10. Be2 Nbd5 11. Bh2 Qa5 12. O-O O-O 13. Rac1 Bd7 14. Ne5 Rfc8 15.
e4 Nxc3 16. bxc3 c5 17. Nxd7 Nxd7 18. d5 exd5 19. exd5 c4 20. d6 Bf6 21. Bf3 Rab8
22. Rfd1 Be5 23. Rd5 Rc5 24. Rcd1 Bxh2+ 25. Kxh2 Rd8 26. R5d4 Qb6 27. Qe4 Ne5
28. Qxb7 Qa5 29. Be4 Qxc3 30. Qe7 Qa5 31. d7 Ng6 32. Bxg6 fxg6 33. Re4 Qc7+ 34.
f4 Rf5 35. Qe6+ Kh7 36. Rxc4 Qa5 37. Rc8 Rxf4 38. Rxd8 Qxd8 39. Qe8 Rf8 40. Qxf8
1-0

[Event "Druzynowe Mistrzostwa Polski w Szachach I LIGA 2021"]
[Site "Szklarska Poreba"]
[Date "1899-12-30"]
[Round "3.66"]
[White "Rudnicka, Ewa"]
[Black "Kostecka, Marika"]
[Result "1/2-1/2"]
[WhiteTitle "WFM"]
[BlackTitle "WCM"]
[WhiteElo "2147"]
[BlackElo "1834"]

1. d4 Nf6 2. Nf3 g6 3. g3 Bg7 4. Bg2 O-O 5. O-O d6 6. a4 Nbd7 7. a5 a6 8. Nc3 e5
9. e4 Re8 10. Re1 h6 11. h3 Nh5 12. Be3 Nf8 13. Qd2 g5 14. Rad1 Ng6 15. dxe5 Nxe5
16. Nxe5 Bxe5 17. Bd4 Ng7 18. Nd5 Be6 19. Bxe5 dxe5 20. Qc3 Bxd5 21. Rxd5 Qf6
22. Qxc7 Rac8 23. Qxb7 Rxc2 24. Rf1 Rec8 25. b4 R2c7 26. Qb6 Qxb6 27. axb6 Rb7
28. Rxe5 Rxb6 29. Ra5 Rxb4 30. Rxa6 Ne6 31. Ra7 Rb2 32. Bf3 Nf8 33. Bh5 Ng6 34.
Bxg6 fxg6 35. Ra6 Kg7 36. Rd1 Rf8 37. Ra7+ Kg8 38. Rf1 Re2 39. f3 h5 40. Rf2 Re3
41. Kg2 g4 42. hxg4 hxg4 43. f4 Rxe4 44. Rb2 Rfe8 45. Ra5 Re2+ 46. Rxe2 Rxe2+
47. Kf1 Rb2 48. Rg5 Kf7 49. Rxg4 Kf6 50. Rg5 Ra2 51. Re5 Rb2 52. Re2 Rb3 53. Kf2
g5 54. Re3 Rb4 55. Kf3 gxf4 56. gxf4 Kf5 57. Re5+ Kf6 58. Ra5 Rb1 59. Ra8 Rf1+
60. Kg3 Rg1+ 61. Kf2 Rb1 62. Rf8+ Kg7 63. Rc8 Kf6 64. Rc5 Rb3 1/2-1/2

[Event "Druzynowe Mistrzostwa Polski w Szachach I LIGA 2021"]
[Site "Szklarska Poreba"]
[Date "1899-12-30"]
[Round "3.67"]
[White "Psyk, Radoslaw"]
[Black "Lubczynski, Rafal"]
[Result "1-0"]
[WhiteTitle "k++"]
[BlackTitle "IM"]
[WhiteElo "2400"]
[BlackElo "2429"]

1. e4 d6 2. d4 Nf6 3. Nc3 e5 4. Nf3 Nbd7 5. Bc4 Be7 6. O-O O-O 7. a4 a6 8. a5 b5
9. axb6 cxb6 10. Re1 Bb7 11. d5 Qc7 12. Nd2 b5 13. Bf1 Rfc8 14. Qf3 Bd8 15. g3
Qb8 16. h4 Nb6 17. Bd3 Nfd7 18. Nb3 Nc4 19. h5 Ndb6 20. h6 g6 21. Na5 Nxa5 22.
Rxa5 b4 23. Nd1 Nc4 24. Ra1 a5 25. b3 Na3 26. Ne3 Ba6 27. Ng4 Qb7 28. Bxa3 bxa3
29. Rxa3 Bxd3 30. Qxd3 Qb4 31. Rea1 Rc3 32. Ra4 Qc5 33. b4 Qc8 34. Qb5 Kf8 35.
Ne3 Rb8 36. Qe2 axb4 37. Kg2 Bg5 38. Ng4 Rxc2 39. Qf3 Rc3 40. Qd1 b3 41. Ra7 b2
42. Rb1 Rc1 43. Qf3 Rb7 44. Nf6 Bxh6 45. Rxb7 Qxb7 46. Qa3 Rxb1 47. Qxd6+ Kg7
48. Ne8+ Kg8 49. Nf6+ Kg7 50. Ne8+ Kh8 51. Qxe5+ f6 52. Qxf6+ Kg8 53. Qd8 Bg5
54. Nf6+ Kf7 55. e5 Rg1+ 56. Kh2 Rh1+ 57. Kg2 Kg7 58. Qg8+ Kh6 59. Qf8+ Qg7 60.
Ng8+ Kh5 61. Qf3# 1-0

[Event "Druzynowe Mistrzostwa Polski w Szachach I LIGA 2021"]
[Site "Szklarska Poreba"]
[Date "1899-12-30"]
[Round "3.68"]
[White "Chojnacki, Krzysztof"]
[Black "Zaskalski, Arkadiusz"]
[Result "1-0"]
[WhiteTitle "IM"]
[BlackTitle "k"]
[WhiteElo "2377"]
[BlackElo "2160"]

1. e4 c5 2. Nf3 d6 3. d4 cxd4 4. Nxd4 Nf6 5. Nc3 g6 6. Be3 Bg7 7. f3 Nc6 8. Bc4
Bd7 9. Qd2 O-O 10. h4 Rc8 11. Bb3 h5 12. O-O-O Ne5 13. Bg5 Rc5 14. Kb1 b5 15.
g4 hxg4 16. h5 Nxh5 17. Nd5 Rxd5 18. Bxd5 g3 19. Rdg1 Nc4 20. Bxc4 bxc4 21. Bh6
c3 22. bxc3 Qa5 23. Bxg7 Kxg7 24. f4 Rc8 25. Kb2 Rc4 26. Nb3 Qa4 27. f5 Rxe4 28.
Rxh5 gxh5 29. Qg5+ Kf8 30. Qh6+ Kg8 31. Qxh5 Bxf5 32. Qxf5 Rg4 33. Nd4 Rg6 34.
Qc8+ Kg7 35. Rh1 Kf6 36. Qh8+ 1-0

[Event "Druzynowe Mistrzostwa Polski w Szachach I LIGA 2021"]
[Site "Szklarska Poreba"]
[Date "1899-12-30"]
[Round "3.69"]
[White "Markiewicz, Jerzy"]
[Black "Raczynski, Krzysztof"]
[Result "1-0"]
[WhiteTitle "FM"]
[BlackTitle "k+"]
[WhiteElo "2197"]
[BlackElo "2193"]

1. e4 d6 2. d4 Nf6 3. Nc3 e5 4. Nf3 Nbd7 5. Bc4 Be7 6. O-O O-O 7. h3 c6 8. a4 b6
9. d5 cxd5 10. Nxd5 Bb7 11. Re1 Rc8 12. b3 Nxd5 13. Bxd5 Bxd5 14. exd5 f5 15.
c4 Bf6 16. Ba3 Qc7 17. Rc1 a5 18. Nd2 Nc5 19. Nb1 e4 20. Nc3 Nd3 21. Nb5 Qd7 22.
Bxd6 Nxe1 23. Qxe1 Rfe8 24. Bf4 Be5 25. Bxe5 Rxe5 26. Qe3 Rf8 27. f4 Ree8 28.
Qxb6 g5 29. Qc7 Qxc7 30. Nxc7 Rb8 31. Nb5 Rfd8 32. d6 Rbc8 33. c5 Rc6 34. Rc4
Kf7 35. Nd4 Rcc8 36. Nxf5 gxf4 37. Ne7 Ra8 38. Rxe4 Rd7 39. Rxf4+ Ke6 40. Re4+
Kf7 41. Kh2 Rb8 42. c6 Rxd6 43. c7 1-0